Statistics for The Office (For true fans only)

Click here to take the quiz!

General Stats

  • This quiz has been taken 807 times
  • The average score is 12 of 30

Answer Stats

QuestionAnswer% Correct
Who has the exclusive right to use the woman's rest room?Creed Bratton
92%
Who does Michael fake fire in the first episode, "Pilot"?Pam Beesley
89%
What is the name of the warehouse employee who gave Michael a ride home and spent an hour in traffic?Michael
85%
How many orange traffic cones does Hank the security guard have?2
81%
Who does Michael call the "Secret Weapon" when playing basketball?Stanley Hudson
77%
What item of Pam's does Dwight let die while she is on maternity leave?Desk plant
73%
What did Kelly think Creed gave her while trying to lose weight?Tape worm
69%
What country does Jim play for on Call of Duty?Germany
67%
What government agency does Dwight think is trying to recruit him?CIA
66%
What does Michael hope the mysterious substance on his bed is after Dwight turns on the black light?Urine
60%
Who is the World's Best Boss?Michael Scott
58%
What does Andy use to help Michael spy on a secret meeting with Jim and David?Cheese cart
45%
What does Michael name the charity fundraiser after the office was robbed?CRIMEAID
39%
When is Michael's birthday?March 15th
39%
What does Michael call the female warehouse worker, Mange?Pudge
34%
What does Jim receive from Creed for secret Santa?An old shirt
27%
What type of pants is Gabe wearing when Todd Packer throws up on him?Boot cut corduroys
23%
How long does Andy think it will take him to become top man at scranton?6 weeks
21%
What is the name of Dwight's brother?Jeb Shrute
21%
What type of gun does Dwight carry when he first becomes regional manager?Beaumont Adams
17%
Where did Charles Miner work before Dunder Mifflin?Saticoy Steel
17%
What is the name of Robert California's son?Bert
16%
What is the name of the Party Planning Committee's rival?The Committee to Plan Parties
14%
What cologne collection does Michael receive on his birthday?Nightswept
13%
What is the name of the miracle beans Jim trades to Dwight?Professor Copperfield's Miracle Legumes
10%
What did Todd Packer write under Dwight's desk?Todd Packer was here and so was your mom.
10%
What is the name of the street Jim and Pam live on?Linden Avenue
7%
What is the name of the identity Creed Bratton transfers all his debt to?William Charles Schnider
7%
What were the names of the other two men who fought over Angela? (Not Andy and Dwight)John Mark and John David
5%
What is Jim's suggestion for Michael's anniversary party?A two-way petting zoo
2%

Score Distribution

Percentile by Number Answered

Percent of People with Each Score

Your Score History

You have not taken this quiz